5HLuxD.jpg

KING HENRY VIII SENIOR AND PRIMARY SCHOOL LIBRARY OPAC

Daily life in ancient Greece / (Record no. 1507)

000 -LEADER
fixed length control field 01535cam a2200349 i 4500
001 - CONTROL NUMBER
control field 18253621
003 - CONTROL NUMBER IDENTIFIER
control field OSt
005 - DATE AND TIME OF LATEST TRANSACTION
control field 20230103130521.0
008 - FIXED-LENGTH DATA ELEMENTS--GENERAL INFORMATION
fixed length control field 140804s2015 iluab j b 001 0 eng
010 ## - LIBRARY OF CONGRESS CONTROL NUMBER
LC control number 2014029725
020 ## - INTERNATIONAL STANDARD BOOK NUMBER
International Standard Book Number 9781484608357 (pb)
040 ## - CATALOGING SOURCE
Original cataloging agency DLC
Language of cataloging eng
Transcribing agency DLC
Description conventions rda
Modifying agency DLC
-- KH8
042 ## - AUTHENTICATION CODE
Authentication code pcc
043 ## - GEOGRAPHIC AREA CODE
Geographic area code e-gr---
082 00 - DEWEY DECIMAL CLASSIFICATION NUMBER
Classification number 938 NAR
Edition number 23
100 1# - MAIN ENTRY--PERSONAL NAME
Personal name Nardo, Don,
Dates associated with a name 1947-
Relator term author
245 10 - TITLE STATEMENT
Title Daily life in ancient Greece /
Statement of responsibility, etc. Don Nardo.
246 30 - VARYING FORM OF TITLE
Title proper/short title Ancient Greece
264 #1 - PRODUCTION, PUBLICATION, DISTRIBUTION, MANUFACTURE, AND COPYRIGHT NOTICE
Place of production, publication, distribution, manufacture Chicago, Illinois :
Name of producer, publisher, distributor, manufacturer Heinemann Raintree,
Date of production, publication, distribution, manufacture, or copyright notice [2015]
300 ## - PHYSICAL DESCRIPTION
Extent 48 pages :
Other physical details illustrations, map ;
Dimensions 25 cm.
336 ## - CONTENT TYPE
Content type term text
Source rdacontent
337 ## - MEDIA TYPE
Media type term unmediated
Source rdamedia
338 ## - CARRIER TYPE
Carrier type term volume
Source rdacarrier
490 0# - SERIES STATEMENT
Series statement Daily life in ancient civilizations
490 0# - SERIES STATEMENT
Series statement Heinemann infosearch
504 ## - BIBLIOGRAPHY, ETC. NOTE
Bibliography, etc. note Includes bibliographical references (page 47) and index.
505 0# - FORMATTED CONTENTS NOTE
Formatted contents note How did Greek culture become a model for the modern world? -- How did the invention of democracy affect Greek life? -- What was an ancient Greek home like? -- What was Greek family life like? -- What jobs were most common in Greece? -- How did the ancient Greeks worship their gods? -- What did the ancient Greeks do for fun? -- How do we remember ancient Greece today? -- A day in the life of an ancient Greek child.
651 #0 - SUBJECT ADDED ENTRY--GEOGRAPHIC NAME
Geographic name Greece
General subdivision Social life and customs.
906 ## - LOCAL DATA ELEMENT F, LDF (RLIN)
a 7
b cbc
c orignew
d 1
e ecip
f 20
g y-gencatlg
942 ## - ADDED ENTRY ELEMENTS (KOHA)
Source of classification or shelving scheme
Koha item type Books - Non Ficton
Holdings
Withdrawn status Lost status Source of classification or shelving scheme Damaged status Not for loan Collection code Permanent Location Current Location Shelving location Date acquired Total Checkouts Full call number Barcode Date last seen Date last checked out Price effective from Koha item type
          Non-Fiction KH8 Primary School Library KH8 Primary School Library Non Fiction 2023-01-03 3 938 NAR KHPL000003287 2025-12-05 2024-11-14 2023-01-03 Books - Non Ficton

Powered By KH8 IT Dept